000 00475nam a2200181Ia 4500
005 20250508153819.0
008 008 250505s9999 xx 000 0 eng d
037 _aBooks to be hide in OPAC
040 _aFEDL
_beng
_cFEDL
041 _aeng
_2eng
084 _a370, SMI/O
_qFEDL
100 _aSmith W O Lester
245 0 _aEducation : An introductory survey
260 _c1957
300 _a148p.
942 _cHB
_h370, SMI/O
999 _c1345690
_d1345690